| 000 | 00800cam a22001815a 4500 | ||
|---|---|---|---|
| 001 | L156704 | ||
| 008 | 120626s1874 xxk f 000 0 eng d | ||
| 035 | _a(Sirsi) u156704 | ||
| 041 | 0 | _aeng | |
| 110 | 2 |
_aGreat Britain _bParliament _bHouse of Commons _96039 |
|
| 245 | 0 | 0 |
_aInclosures _breturn to an address of the Honourable the House of Commons, dated 4 August 1873; - for, "Return of the acreage of 1. Waste lands subject to Rights of Common", "2. Common field lands in each parish of England and Wales in which the tithes have been commuted, under the tithe commutation acts?" |
| 260 |
_a[S.l. _bs. n.] _c1874 |
||
| 300 |
_a292 p. _c34 cm. |
||
| 520 | _aOrdered, by the House of Commons, to be printed, 13 April 1874. | ||
| 651 | 4 |
_aGreat Britain _y1707- |
|
| 690 |
_aRural _96268 |
||
| 942 | _n0 | ||
| 999 |
_c114372 _d114372 |
||